000 00632nam a22002051c 4500
001 a987679787
008 170407s2005 gw |||| 000u ger d
020 _a352536279x
_93-525-36279-x
041 _ager
100 1 _aBlasius, Dirk
245 0 0 _aWeimars Ende :
_bBürgerkrieg und Politik 1930-1933 /
_cDirk Blasius
264 _aGöttingen :
_bVandenhoeck & Ruprecht,
_c2005
300 _a208 S. ; 205 mm x 123 mm
650 0 _aWeimarer Republik
651 0 _aDeutschland
856 4 _uhttp://nbn-resolving.de/urn/resolver.pl?urn=urn:nbn:de:bvb:12-bsb00065836-8
942 _cMG
040 _cRU-10907106
003 RU-10907106
999 _c34163
_d34163